[Event "Sanxenxo Carlos op 5th"]
[Site "Sanxenxo"]
[Date "2013.06.24"]
[Round "3"]
[White "Larino Nieto, David"]
[Black "Cubero Ferreiro, Rodrigo"]
[Result "1-0"]
[WhiteElo "2501"]
[BlackElo "2112"]
[PlyCount "125"]
[EventDate "2013.06.22"]
[EventType "swiss"]
[EventRounds "9"]
[EventCountry "ESP"]
[SourceTitle "CBM 155 Extra"]
[Source "ChessBase"]
[SourceDate "2013.08.26"]
[SourceVersion "1"]
[SourceVersionDate "2013.08.26"]
[SourceQuality "1"]

1. e4 e6 2. Qe2 c5 3. f4 Nc6 4. Nf3 Nge7 5. c3 d5 6. d3 d4 7. g4 Ng6 8. Na3 Bd6 9. e5 Bc7 10. Ng5 h6 11. Ne4 Qh4+ 12. Qf2 Qxg4 13. h4 Bd8 14. Be2 Qxh4 15. Rxh4 Bxh4 16. Ng3 Nce7 17. Bg4 0-0 18. Bd2 f6 19. Qh2 fxe5 20. fxe5 h5 21. cxd4 hxg4 22. 0-0-0 Rf3 23. Ne4 Rxd3 24. Bg5 Rxd1+ 25. Kxd1 Nf5 26. Nc4 cxd4 27. Bxh4 Ngxh4 28. Ncd6 Bd7 29. Nxf5 Nxf5 30. Ng5 Nh6 31. Qc2 Re8 32. Qh7+ Kf8 33. Qh8+ Ng8 34. Qh5 Nh6 35. Nh7+ Ke7 36. Qg5+ Kf7 37. Nf6 gxf6 38. Qxf6+ Kg8 39. Qg6+ Kf8 40. Qxh6+ Kg8 41. Qg5+ Kf7 42. Qf4+ Kg7 43. Qxg4+ Kf7 44. Qf3+ Kg8 45. Qxb7 Re7 46. Qxa7 Rg7 47. Qxd4 Bc6 48. Ke1 Bd5 49. a4 Rh7 50. a5 Rh1+ 51. Kd2 Kf7 52. a6 Ra1 53. Qb6 Ke8 54. Qc7 Ra2 55. Kc2 Be4+ 56. Kc3 Bd5 57. b4 Ra1 58. Qb8+ Kd7 59. b5 Ra4 60. b6 Rc4+ 61. Kd3 Ra4 62. Qd6+ Ke8 63. b7 1-0

[Event "Sanxenxo Carlos op 4th"]
[Site "Sanxenxo"]
[Date "2012.06.26"]
[Round "4"]
[White "Espineira Gonzalez, Diego Adrian"]
[Black "Cubero Ferreiro, Rodrigo"]
[Result "1/2-1/2"]
[WhiteElo "2371"]
[BlackElo "2182"]
[PlyCount "106"]
[EventDate "2012.06.23"]
[EventType "swiss"]
[EventRounds "9"]
[EventCountry "ESP"]
[SourceTitle "CBM 149 Extra"]
[Source "ChessBase"]
[SourceDate "2012.08.24"]
[SourceVersion "1"]
[SourceVersionDate "2012.08.24"]
[SourceQuality "1"]

1. e4 c5 2. Nf3 e6 3. d4 cxd4 4. Nxd4 a6 5. Nc3 Qc7 6. g3 Nf6 7. Bg2 Nc6 8. 0-0 Nxd4 9. Qxd4 Bc5 10. Bf4 d6 11. Qd3 h6 12. Rad1 e5 13. Be3 Bg4 14. Bxc5 dxc5 15. Qd6 Qxd6 16. Rxd6 Rd8 17. Rxd8+ Kxd8 18. h3 Be6 19. f4 Kc7 20. Rd1 Rd8 21. Rxd8 Kxd8 22. Kf2 Kc7 23. Ke3 Nd7 24. f5 Bc4 25. b3 Bb5 26. Bf3 Bc6 27. Bh5 f6 28. Be8 Kd8 29. Bf7 Kc7 30. g4 Kd6 31. h4 Ke7 32. Bd5 Bxd5 33. Nxd5+ Kd6 34. c4 b5 35. Kf3 Nb8 36. g5 hxg5 37. hxg5 fxg5 38. Kg4 Nd7 39. Kxg5 Nf8 40. a3 Kd7 41. Ne3 Nh7+ 42. Kg6 Nf6 43. Kxg7 Nxe4 44. cxb5 axb5 45. f6 Ng5 46. f7 c4 47. bxc4 bxc4 48. Nxc4 e4 49. Ne5+ Kc7 50. Kf6 Nxf7 51. Kxf7 Kb6 52. Ke6 Ka5 53. Kd5 Ka4 1/2-1/2

[Event "Santiago Universitario op"]
[Site "Santiago de Compostela"]
[Date "2003.03.20"]
[Round "5.2"]
[White "Piay Augusto, Mauro"]
[Black "Cubero Ferreiro, Rodrigo"]
[Result "1-0"]
[WhiteElo "2118"]
[BlackElo "2124"]
[PlyCount "93"]
[EventDate "2003.03.18"]
[EventType "swiss (rapid)"]
[EventRounds "6"]
[EventCountry "ESP"]
[SourceTitle "EXT 2004"]
[Source "ChessBase"]
[SourceDate "2003.11.25"]
[SourceVersion "1"]
[SourceVersionDate "2003.11.25"]
[SourceQuality "1"]

1. e4 e6 2. d4 c5 3. d5 exd5 4. exd5 d6 5. Bd3 Nf6 6. c4 Be7 7. Nf3 Bg4 8. Bf4 0-0 9. 0-0 Nbd7 10. Nbd2 Nh5 11. Bg3 Nxg3 12. fxg3 Ne5 13. Be2 Bxf3 14. gxf3 Bf6 15. Ne4 Ng6 16. Qd2 Re8 17. Rae1 Bd4+ 18. Kh1 f5 19. Nc3 Qf6 20. Bd3 Ne5 21. Nb5 Nxd3 22. Qxd3 Bxb2 23. Nc7 Rxe1 24. Rxe1 Rd8 25. Re6 Qf7 26. Nb5 Qf8 27. Qe2 a6 28. Nxd6 Rxd6 29. Re8 Bf6 30. Rxf8+ Kxf8 31. Qe3 b6 32. Qf4 Ke7 33. Qxf5 Kd8 34. a4 h6 35. f4 Kc7 36. g4 Bd4 37. h4 b5 38. axb5 axb5 39. cxb5 Kb6 40. Qf8 Rd7 41. Qe8 Ra7 42. Qc6+ Ka5 43. d6 Kb4 44. d7 Ra1+ 45. Kg2 Ra2+ 46. Kf3 Ra3+ 47. Ke4 1-0

[Event "Alonso Leira Memorial 3rd"]
[Site "Ferrol"]
[Date "2002.12.31"]
[Round "6.2"]
[White "Cubero Ferreiro, Rodrigo"]
[Black "Damaso, Rui"]
[Result "1/2-1/2"]
[WhiteElo "2134"]
[BlackElo "2427"]
[PlyCount "84"]
[EventDate "2002.12.26"]
[EventType "tourn"]
[EventRounds "9"]
[EventCountry "ESP"]
[EventCategory "4"]
[SourceTitle "EXT 2004"]
[Source "ChessBase"]
[SourceDate "2003.11.25"]
[SourceVersion "1"]
[SourceVersionDate "2003.11.25"]
[SourceQuality "1"]

1. d4 d6 2. e4 g6 3. h3 Bg7 4. Nf3 Nf6 5. Nc3 0-0 6. Bg5 c5 7. Bc4 cxd4 8. Nxd4 Nc6 9. 0-0 Qa5 10. Be3 Nxd4 11. Bxd4 Be6 12. Bb3 Rfe8 13. Qd3 Nd7 14. Bxg7 Kxg7 15. f4 Rac8 16. Kh1 Qc5 17. Qg3 Bc4 18. Rfe1 b5 19. Rad1 b4 20. Nd5 e6 21. Ne3 Bxb3 22. cxb3 Nf6 23. Ng4 Nxg4 24. hxg4 h5 25. g5 Rc6 26. Rd2 Rd8 27. Red1 d5 28. f5 d4 29. fxe6 fxe6 30. Rf1 Rd7 31. Rdf2 d3 32. Rd2 Rcc7 33. Rxd3 Rxd3 34. Qxd3 Qxg5 35. Qd4+ Kh7 36. Qxb4 Rc1 37. Rxc1 Qxc1+ 38. Kh2 Qf4+ 39. Kh1 Qc1+ 40. Kh2 Qf4+ 41. Kh1 Kh6 42. Qc4 Qh4+ 1/2-1/2

[Event "Alonso Leira Memorial 3rd"]
[Site "Ferrol"]
[Date "2002.12.28"]
[Round "3.3"]
[White "Fernando, Diogo"]
[Black "Cubero Ferreiro, Rodrigo"]
[Result "1-0"]
[WhiteElo "2408"]
[BlackElo "2134"]
[PlyCount "75"]
[EventDate "2002.12.26"]
[EventType "tourn"]
[EventRounds "9"]
[EventCountry "ESP"]
[EventCategory "4"]
[SourceTitle "EXT 2004"]
[Source "ChessBase"]
[SourceDate "2003.11.25"]
[SourceVersion "1"]
[SourceVersionDate "2003.11.25"]
[SourceQuality "1"]

1. e4 c5 2. Nf3 e6 3. Nc3 a6 4. d4 cxd4 5. Nxd4 Qc7 6. Bd3 Nc6 7. Nxc6 dxc6 8. 0-0 e5 9. f4 Bc5+ 10. Kh1 Nf6 11. Qf3 Be6 12. f5 Bd7 13. Rb1 h5 14. b4 Ba7 15. Be3 Bxe3 16. Qxe3 Ng4 17. Qc5 b6 18. Nd5 bxc5 19. Nxc7+ Ke7 20. Nxa8 c4 21. Bxc4 Rxa8 22. Bd3 g6 23. fxg6 fxg6 24. Rb3 a5 25. Ra3 a4 26. h3 Nf6 27. Rc3 a3 28. Rc5 Ne8 29. Rxe5+ Kd6 30. Rg5 Be6 31. Rxg6 Ke7 32. c4 Rb8 33. Rb1 Nd6 34. Rb3 Bxc4 35. Bxc4 Nxc4 36. Rxc6 Nd2 37. Rxa3 Rxb4 38. Ra7+ 1-0

[Event "Poio op 2nd"]
[Site "Poio"]
[Date "2002.09.05"]
[Round "6.7"]
[White "Pena Gomez, Manuel"]
[Black "Cubero Ferreiro, Rodrigo"]
[Result "1/2-1/2"]
[WhiteElo "2109"]
[BlackElo "2095"]
[PlyCount "42"]
[EventDate "2002.08.31"]
[EventType "swiss"]
[EventRounds "9"]
[EventCountry "ESP"]
[SourceTitle "CBM 090 Extra"]
[Source "ChessBase"]
[SourceDate "2002.11.07"]
[SourceVersion "1"]
[SourceVersionDate "2002.11.07"]
[SourceQuality "1"]

1. e4 c5 2. Nf3 e6 3. d4 cxd4 4. Nxd4 a6 5. Bd3 Qc7 6. 0-0 Nf6 7. c4 Bd6 8. Nf3 Nc6 9. h3 h6 10. Nc3 g5 11. Ne1 Rg8 12. Be2 Ne5 13. f4 Ng6 14. e5 Bc5+ 15. Kh1 Nh7 16. Ne4 gxf4 17. Nd6+ Ke7 18. Bxf4 f5 19. exf6+ Nxf6 20. Nxc8+ Raxc8 21. Qd2 Rcf8 1/2-1/2

[Event "Burgas op 11th"]
[Site "Orense"]
[Date "2002.07.12"]
[Round "7.4"]
[White "Glavina, Pablo"]
[Black "Cubero Ferreiro, Rodrigo"]
[Result "1-0"]
[WhiteElo "2417"]
[BlackElo "2095"]
[PlyCount "63"]
[EventDate "2002.07.06"]
[EventType "swiss"]
[EventRounds "9"]
[EventCountry "ESP"]
[SourceTitle "CBM 089 Extra"]
[Source "ChessBase"]
[SourceDate "2002.09.10"]
[SourceVersion "2"]
[SourceVersionDate "2002.09.10"]
[SourceQuality "1"]

1. Nf3 c5 2. e4 e6 3. c3 Nf6 4. e5 Nd5 5. Bc4 Nb6 6. Bb3 d5 7. d4 Nc6 8. 0-0 Nd7 9. Be3 a6 10. Bc2 Be7 11. a3 c4 12. Nbd2 f6 13. exf6 Nxf6 14. Ne5 Bd6 15. f4 Qb6 16. Bf2 Qxb2 17. Ndxc4 dxc4 18. Nxc4 Qxc3 19. Nxd6+ Ke7 20. Ne4 Qa5 21. Nxf6 gxf6 22. f5 e5 23. d5 Rd8 24. Be4 Nb8 25. Rc1 Nd7 26. d6+ Kf8 27. Qh5 Kg7 28. Rfd1 Nf8 29. Rd3 Rd7 30. Rg3+ Kh8 31. Qe8 Qd8 32. Bd5 1-0

[Event "Burgas op 11th"]
[Site "Orense"]
[Date "2002.07.10"]
[Round "5.14"]
[White "Cubero Ferreiro, Rodrigo"]
[Black "Espineira Gonzalez, Diego Adrian"]
[Result "1-0"]
[WhiteElo "2095"]
[BlackElo "2194"]
[PlyCount "77"]
[EventDate "2002.07.06"]
[EventType "swiss"]
[EventRounds "9"]
[EventCountry "ESP"]
[SourceTitle "CBM 089 Extra"]
[Source "ChessBase"]
[SourceDate "2002.09.10"]
[SourceVersion "2"]
[SourceVersionDate "2002.09.10"]
[SourceQuality "1"]

1. e4 e5 2. Nf3 Nc6 3. Bb5 a6 4. Ba4 Nf6 5. d3 b5 6. Bb3 Bc5 7. Nbd2 0-0 8. c3 Re8 9. Nf1 d5 10. Qe2 h6 11. Ng3 Be6 12. 0-0 d4 13. h3 Kh7 14. Nh2 Qd6 15. Kh1 dxc3 16. bxc3 Rad8 17. Bc2 Kh8 18. f4 b4 19. fxe5 Qxe5 20. Bf4 Qxc3 21. Ba4 Nd4 22. Qd1 b3 23. axb3 Nxb3 24. Bxb3 Bxb3 25. Rc1 Qb4 26. Qf3 Bd4 27. Nf5 Ng8 28. Rxc7 a5 29. Rb1 a4 30. Rc4 Qa5 31. Rxd4 a3 32. Rxd8 Rxd8 33. Qg3 g6 34. Be5+ Kh7 35. Rxb3 Rc8 36. Nf3 a2 37. Nd6 Rc1+ 38. Kh2 Qa4 39. Rb7 1-0

[Event "Galicia-ch"]
[Site "Padron"]
[Date "2002.03.30"]
[Round "9"]
[White "Garcia Caraballo, Eduardo"]
[Black "Cubero Ferreiro, Rodrigo"]
[Result "1/2-1/2"]
[WhiteElo "2033"]
[BlackElo "2117"]
[PlyCount "20"]
[EventDate "2002.03.23"]
[EventType "swiss"]
[EventRounds "9"]
[EventCountry "ESP"]
[SourceTitle "EXT 2003"]
[Source "ChessBase"]
[SourceDate "2002.11.25"]
[SourceVersion "1"]
[SourceVersionDate "2002.11.25"]
[SourceQuality "1"]

1. e4 c5 2. Nf3 e6 3. d4 cxd4 4. Nxd4 a6 5. Bd3 Bc5 6. Nb3 Ba7 7. 0-0 Nc6 8. Qe2 d6 9. Nc3 Nf6 10. Be3 b5 1/2-1/2

[Event "Alonso Leira Memorial 2nd"]
[Site "Ferrol"]
[Date "2001.12.30"]
[Round "5.6"]
[White "Cubero Ferreiro, Rodrigo"]
[Black "Caneiro Couto, Juan"]
[Result "1/2-1/2"]
[WhiteElo "2111"]
[BlackElo "2145"]
[PlyCount "101"]
[EventDate "2001.12.26"]
[EventType "tourn"]
[EventRounds "10"]
[EventCountry "ESP"]
[SourceTitle "EXT 2003"]
[Source "ChessBase"]
[SourceDate "2002.11.25"]
[SourceVersion "1"]
[SourceVersionDate "2002.11.25"]
[SourceQuality "1"]

1. e4 c6 2. d4 d5 3. exd5 cxd5 4. c4 Nf6 5. Nc3 e6 6. Nf3 Bb4 7. Be2 dxc4 8. 0-0 0-0 9. Bxc4 Nc6 10. Be3 Be7 11. a3 Bd7 12. Ba2 Rc8 13. Qd3 Qa5 14. Bb1 Nb4 15. axb4 Qxa1 16. Ne5 Rfd8 17. Bg5 g6 18. Qf3 Qxb2 19. Bxf6 Qxc3 20. Bxe7 Qxf3 21. Nxf3 Bb5 22. Bxd8 Bxf1 23. Kxf1 Rc1+ 24. Ke2 Rxb1 25. Be7 b6 26. Nd2 Rc1 27. Kd3 Kg7 28. Ne4 a5 29. b5 Rb1 30. Nc3 Rb2 31. Kc4 f6 32. Bd8 Rb4+ 33. Kd3 a4 34. Bxb6 a3 35. Bc5 a2 36. Nxa2 Rxb5 37. Nb4 Ra5 38. Nc6 Ra2 39. Ke3 g5 40. Nb4 Ra3+ 41. Nd3 Ra2 42. h3 h5 43. g3 Kg6 44. f4 g4 45. hxg4 hxg4 46. Bb4 Kf5 47. Nc1 Rb2 48. Bc3 Rb1 49. Ne2 Rf1 50. d5 exd5 51. Nd4+ 1/2-1/2

[Event "Alonso Leira Memorial 2nd"]
[Site "Ferrol"]
[Date "2001.12.26"]
[Round "1.5"]
[White "Lopez Rodriguez, Walter"]
[Black "Cubero Ferreiro, Rodrigo"]
[Result "1/2-1/2"]
[WhiteElo "2037"]
[BlackElo "2111"]
[PlyCount "22"]
[EventDate "2001.12.26"]
[EventType "tourn"]
[EventRounds "10"]
[EventCountry "ESP"]
[SourceTitle "EXT 2003"]
[Source "ChessBase"]
[SourceDate "2002.11.25"]
[SourceVersion "1"]
[SourceVersionDate "2002.11.25"]
[SourceQuality "1"]

1. e4 c5 2. Nf3 Nc6 3. d3 d5 4. exd5 Qxd5 5. g3 Nd4 6. Bg2 Bh3 7. Bxh3 Nxf3+ 8. Kf1 Nh4 9. Kg1 Nf3+ 10. Kf1 Nh4 11. Kg1 Nf3+ 1/2-1/2

[Event "Alonso Leira Memorial 1st"]
[Site "Ferrol"]
[Date "2000.12.28"]
[Round "2"]
[White "Cubero Ferreiro, Rodrigo"]
[Black "Gonzalez Acosta, Bernal Manuel"]
[Result "1-0"]
[WhiteElo "2126"]
[BlackElo "2428"]
[PlyCount "140"]
[EventDate "2000.12.27"]
[EventType "tourn"]
[EventRounds "9"]
[EventCountry "ESP"]
[EventCategory "3"]
[SourceTitle "EXT 2002"]
[Source "ChessBase"]
[SourceDate "2001.11.25"]
[SourceVersion "1"]
[SourceVersionDate "2001.11.25"]
[SourceQuality "1"]

1. e4 c5 2. Nf3 d6 3. d4 cxd4 4. Nxd4 Nf6 5. Nc3 g6 6. Be3 Bg7 7. f3 0-0 8. Qd2 Nc6 9. Bc4 Bd7 10. Bb3 Qa5 11. 0-0 Rfc8 12. Rad1 Ne5 13. Qe2 a6 14. Nd5 Nxd5 15. Bxd5 Qc7 16. c3 Nc4 17. Qf2 Nxe3 18. Qxe3 Qb6 19. Qf2 e6 20. Nxe6 Qxf2+ 21. Rxf2 fxe6 22. Bxb7 Bf8 23. Bxa8 Rxa8 24. Kf1 Rc8 25. Ke1 Kf7 26. Rd4 Ke7 27. Rfd2 Bh6 28. Rd1 Bf4 29. g3 Be5 30. R4d3 g5 31. Kf2 h5 32. Ke3 Rf8 33. Kf2 Bc6 34. Re3 Kd7 35. b3 Kc7 36. c4 a5 37. a3 Rb8 38. Red3 Rf8 39. Re3 Bb2 40. b4 Ba4 41. Rdd3 Be5 42. Re1 Rb8 43. b5 Kb6 44. Ke3 Rf8 45. Rg1 Kc5 46. h4 gxh4 47. f4 Bg7 48. b6 Bh6 49. Rh1 Rb8 50. Rxh4 Be8 51. g4 Rxb6 52. g5 Bf8 53. f5 Be7 54. f6 Bf8 55. e5 Bg6 56. exd6 Bxd3 57. Kxd3 Rxd6+ 58. Kc2 Bg7 59. Rxh5 Bxf6 60. gxf6+ Kxc4 61. Re5 Kd4 62. f7 Rd8 63. Rxe6 Rf8 64. Re7 Kd5 65. Kb3 Kc5 66. Ka4 Kb6 67. Re6+ Kb7 68. Rf6 Kc7 69. Kxa5 Kd7 70. Ra6 Kc7 1-0

[Event "Orense op 9th"]
[Site "Orense"]
[Date "2000.07.11"]
[Round "4"]
[White "Fernando, Diogo"]
[Black "Cubero Ferreiro, Rodrigo"]
[Result "1-0"]
[WhiteElo "2257"]
[BlackElo "2126"]
[PlyCount "79"]
[EventDate "2000.07.08"]
[EventType "swiss"]
[EventRounds "9"]
[EventCountry "ESP"]
[SourceTitle "EXT 2001"]
[Source "ChessBase"]
[SourceDate "2000.11.22"]
[SourceVersion "1"]
[SourceVersionDate "2000.11.22"]
[SourceQuality "1"]

1. e4 c5 2. Nf3 e6 3. d4 cxd4 4. Nxd4 a6 5. Nc3 b5 6. g3 Bb7 7. Bg2 Nf6 8. 0-0 d6 9. Re1 Nbd7 10. a4 b4 11. Na2 e5 12. Nf5 Nc5 13. Bg5 a5 14. c3 b3 15. Nc1 Bc6 16. Nd3 Rb8 17. Nxc5 dxc5 18. Qe2 Qc7 19. Bxf6 gxf6 20. Red1 Bd7 21. Bf1 Bxf5 22. exf5 Bd6 23. Qh5 h6 24. Bc4 Rh7 25. Rd3 Ke7 26. Rad1 Rd8 27. R1d2 Kf8 28. Qd1 Ke7 29. Qxb3 Rg7 30. Bxf7 Kf8 31. Qe6 Rxf7 32. Rxd6 Re8 33. Qc4 e4 34. Re6 Rxe6 35. fxe6 e3 36. Re2 exf2+ 37. Rxf2 Re7 38. Rxf6+ Kg7 39. Qh4 h5 40. Qg5+ 1-0